| 000 | 00874nam a22002777a 4500 | ||
|---|---|---|---|
| 001 | BR2017002384 | ||
| 003 | BR-BrBNA | ||
| 005 | 20230928105136.0 | ||
| 007 | ta | ||
| 008 | 230509b bl.||||| |||| 00| 0 por d | ||
| 040 |
_aBR-BrBNA _bpor _cBiblioteca Nacional de Agricultura |
||
| 041 | _a(Por) | ||
| 072 |
_aF62; F01 _b2120 |
||
| 090 | _ 2120 BR2017002384 | ||
| 100 | 1 | _aCardon, C.H. | |
| 110 | 1 |
_aUniversidade Federal de Lavras, MG (Brasil) _0Tese (Mestrado) |
|
| 245 | 1 | _aIdentificação de polimorfismos no Flowering Locus T (FT)e sua expressão gênica em diferentes espécies do gênero Coffea | |
| 260 | 3 |
_aLavras, MG (Brasil): _c2016. |
|
| 300 | _a75 p. | ||
| 500 | _aSummaries (Eng, Por); Several bibliography; 14 illus. | ||
| 650 | _aCAFÉ | ||
| 650 | _aFLORAÇÃO | ||
| 650 | _aPOLIMORFISMO | ||
| 909 |
_a202309 _bLucia _c55 _dLucia Elande |
||
| 942 | _cBK | ||
| 999 |
_c83652 _d83652 |
||